Analýza techník, metód a postupov ohodnocovania dlhopisov na vyspelých dlhopisných trhoch a ich aplikácia na slovenskom dlhopisovom trhu dizertačná práca

Salvato in:
Dettagli Bibliografici
Autore principale: Mikloš, Miroslav, 1975-
Ente Autore: Ekonomická univerzita v Bratislave. Fakulta podnikového manažmentu
Altri autori: Hrvoľová, Božena
Natura: Libro
Lingua:slovacco
Pubblicazione: Bratislava 2008
Soggetti:
Tags: Aggiungi Tag
Nessun Tag, puoi essere il primo ad aggiungerne!!

MARC

LEADER 00000nam$a2200000$$$4500
001 0090647
005 20230224095609.3
041 0 |a slo 
044 |a SK 
245 1 0 |a Analýza techník, metód a postupov ohodnocovania dlhopisov na vyspelých dlhopisných trhoch a ich aplikácia na slovenskom dlhopisovom trhu  |b dizertačná práca  |c Miroslav Mikloš ; škol. Božena Hrvoľová 
264 1 |a Bratislava  |c 2008 
300 |a 129 s. 
610 2 0 |a dlhopisy 
610 2 0 |a trh peňažný 
610 2 0 |a sadzby úrokové 
610 2 0 |a volatilita 
100 1 |a Mikloš, Miroslav, 1975- 
700 1 |a Hrvoľová, Božena 
710 2 |a Ekonomická univerzita v Bratislave. Fakulta podnikového manažmentu